علم النظم عند عبد القاهر الجرجانى : محاولة لتحديد المصطلحات الاسلامية
Saved in:
| Main Author: | |
|---|---|
| Other Authors: | |
| Format: | Thesis |
| Language: | Arabic |
| Published: |
خرطوم
: معهد خرطوم دولى غة عربية،
1986
|
| Subjects: | |
| Tags: |
Add Tag
No Tags, Be the first to tag this record!
|
| LEADER | 013210000a22003130004500 | ||
|---|---|---|---|
| 001 | 65104 | ||
| 005 | 20100603163400.0 | ||
| 008 | 930220s1986 ara | ||
| 035 | |a 235429 | ||
| 035 | |a (Sirsi) 65104 | ||
| 040 | |a UIAM |b eng | ||
| 049 | |b m | ||
| 050 | |a PJ6161J95 | ||
| 100 | 1 | |a فكى، عبد لطيف على | |
| 245 | 1 | 0 | |a علم النظم عند عبد القاهر الجرجانى : |b محاولة لتحديد المصطلحات الاسلامية |
| 246 | 0 | 0 | |a Ilm al-nazm 'inda 'Abd al-Qahir al-Jurjani :Muhawalah li tahdid al-mustalahat al-asasiyah ' / |c i'dad 'Abd al-Latif Ali al-Fakki |
| 260 | 1 | |a خرطوم |b : معهد خرطوم دولى غة عربية، |c 1986 | |
| 300 | |a 112 p. | ||
| 502 | |a (Dip.)--Ma'had al-Khartoum al-Dawli lil-Lughat al'Arabiyah | ||
| 533 | |a One copy | ||
| 596 | |a 1 | ||
| 600 | 1 | 0 | |a Jurjani, 'Abd al-Qahir ibn 'Abd al-Rahman, |d d. 1078? |
| 650 | 0 | |a Arabic language |x Rhetoric | |
| 700 | 1 | |a Fakki, 'Abd al-Latif Ali | |
| 710 | 1 | |a Ma'had al-Khartum al-Dawli lil-Lughah al-'Arabiyah | |
| 710 | 2 | |a Munazzamah al-'Arabiyah lil-Tarbiyah wa-al-Thaqafah wa-al-'Ulum | |
| 900 | |a non-zmy-abs-naw | ||
| 999 | |c 430211 |d 461702 | ||
| 952 | |0 0 |6 T PJ 006161 J95F176I |7 0 |8 THESES |9 749343 |a IIUM |b IIUM |c MULTIMEDIA |g 0.00 |o t PJ6161J95F176I |p 00000227006 |r 2017-10-20 |t 1 |v 0.00 |y THESIS | ||
